Statistics for Western Conference NHL Hockey Teams

Click here to take the quiz!

General Stats

  • This quiz has been taken 21 times
    (12 since last reset)
  • The average score is 14 of 16

Answer Stats

HintAnswer% Correct
15Vegas Golden Knights
100%
1Anaheim Ducks
90%
2Arizona Coyotes
90%
4Chicago Blackhawks
90%
7Edmonton Oilers
90%
8Los Angeles Kings
90%
12San Jose Sharks
90%
13Seattle Kraken
90%
14Vancouver Canucks
90%
16Winnipeg Jets
90%
3Calgary Flames
80%
9Minnesota Wild
80%
11St. Louis Blues
80%
5Colorado Avalanche
70%
6Dallas Stars
70%
10Nashville Predators
60%

Score Distribution

Percentile by Number Answered

Percent of People with Each Score

Your Score History

You have not taken this quiz since the last reset